LDR 01382naa#a2200241#i#450# 001 RU\\bibl\119725 005 20260428002350.2 011 ## _a0235-2524 100 ## _a20260407b2026####ek#y0rusy0150####ca 102 ## _aRU 200 1# _aСостояние пунктов водоучета на оросительных системах Южного и Северо-Кавказского федеральных округов _eЖурнальная статья 210 1# _aМосква _cАНО «Редакция журнала «Мелиорация и водное хозяйство» _d2026 215 ## _a4 с. 606 ## _aАгроинженерия. 35.03.06 _2local 608 ## _aЖурнальная статья _2local 675 ## _aГидротехническое строительство. Гидротехника в целом. 626/627 _z 686 ## _aЕстественнонаучные и технические основы сельского хозяйства. 40 _2bbk 686 ## _aОбщие вопросы. 5640 _2tbk 686 ## _aОросительные системы. 70.21 _2grnti 686 ## _aИспытания, измерения, контроль в водном хозяйстве. 70.81 _2grnti 700 #1 _aВайнберг _gМария Владимировна 700 #1 _aШепелев _gАлександр Евгеньевич 856 4# _amivh.editorum.ru _u